La voluntad

Uloženo v:
Podrobná bibliografie
Hlavní autor: Azorín Martínez Ruiz, José (autor)
Médium: Kniha
Jazyk:španělština
Vydáno: Madrid Renacimiento 1913
Edice:Renacimiento Biblioteca Popular
Témata:
Tagy: Přidat tag
Žádné tagy, Buďte první, kdo vytvoří štítek k tomuto záznamu!

MARC

LEADER 00000nam a2200000 a 4500
001 UCZ0285
003 CL-VaPUC
008 950728e19130000SP |||||||||||||||||spa|d
082 0 4 |a 863  |b AZO  |2 21 
100 |a Azorín  |e autor  |q Martínez Ruiz, José  |9 863023 
245 1 3 |a La voluntad 
300 |a 252 p 
942 |c BK 
945 |d 19950728 00:00:00  |a awong 
260 |a Madrid  |b Renacimiento  |c 1913 
650 0 |a Novelas españolas  |9 265052 
583 |a last modification  |c 19950728 00:00:00  |k Rodrigo Vera 
490 0 |a Renacimiento Biblioteca Popular 
999 |c 237240  |d 237238 
952 |0 0  |1 0  |4 0  |6 863_000000000000000_AZO_1913  |7 0  |8 A  |9 246116  |a BIBEDU  |b BIBEDU  |d 2019-11-18  |i 3107779  |o 863 AZO 1913  |p 3107779  |r 2019-11-18  |w 2019-11-18  |y BK  |k LIT